Science Quiz

Random Science or Numbers Quiz

Blitz: Powers of Numbers Quiz Stats

Quiz Updated Mar 13, 2012

Challenge
Share
Tweet
Embed
Score 0/25 Timer 01:00
9 Plays Today
Column Number % Correct
????
100%
????
99.9%
????
99.2%
????
98.7%
????
97.6%
????
97.2%
????
97%
????
96.2%
????
89.2%
????
82.9%
????
82.1%
????
81.3%
????
76.3%
Column Number % Correct
????
66.3%
????
54.6%
????
53.3%
????
52.5%
????
50.7%
????
44.9%
????
35%
????
33.8%
????
32.9%
????
25.5%
????
17.5%
????
8.2%

You're not logged in!

Compare scores with friends on all Sporcle quizzes.
Join for Free
OR
Log In

You Might Also Like...

Show Comments

Extras

Top Quizzes Today


Score Distribution

Your Account Isn't Verified!

In order to create a playlist on Sporcle, you need to verify the email address you used during registration. Go to your Sporcle Settings to finish the process.

Report this User

Report this user for behavior that violates our Community Guidelines.

Details: